Implementación de controlador SDRAM para GPU THEIA
Guardado en:
| Hovedforfatter: | |
|---|---|
| Andre forfattere: | |
| Format: | Bog |
| Sprog: | Spanish |
| Udgivet: |
[San José], Costa Rica
2014
|
| Fag: | |
| Tags: |
Tilføj Tag
Ingen Tags, Vær først til at tagge denne postø!
|
MARC
| LEADER | 00000nam a22000007a 4500 | ||
|---|---|---|---|
| 003 | 012171 | ||
| 005 | 20230823143749.0 | ||
| 008 | 150714b2014 cr a|||| |||| 00| ||spa d | ||
| 040 | |c cru CEDI | ||
| 090 | |a TFG 7336 | ||
| 100 | |9 1184 |a Ruh Guevara, Manuel, 1989- | ||
| 245 | |a Implementación de controlador SDRAM para GPU THEIA | ||
| 260 | |a [San José], Costa Rica |c 2014 | ||
| 300 | |a x, 37 páginas : ilustraciones | ||
| 500 | |a Proyecto de graduación (bachillerato en ingeniería eléctrica)--Universidad de Costa Rica. Facultad de Ingeniería. Escuela de Ingeniería Eléctrica | ||
| 501 | |a Profesor Guía de IE-0499 Proyecto Eléctrico: Ing. Diego Valverde Garro | ||
| 650 | |x SISTEMAS DE TRANSMISION DE DATOS |x CIRCUITOS ELECTRICOS |x SISTEMAS DE CONTROL |x VERILOG (LENGUAJE PARA DESCRIPCION DE EQUIPO DE COMPUTACION) |x PROCESAMIENTO DE IMAGENES |x MICROCONTROLADORES |9 852 | ||
| 700 | |9 1185 |a Diego Valverde Garro, 1979- |d Director de Proyecto Eléctrico | ||
| 942 | |c CEDI | ||
| 999 | |c 13876 |d 13876 | ||
